Hitman Locations (Games only) - Statistics

General Stats
  • This quiz has been taken 33 times
  • The average score is 17 of 26
Answer Stats
Answer Games Featured In % Correct
United States Hitman: Blood Money, Hitman: Absolution, Hitman (2016), Hitman 2
96%
Italy Hitman 2: Silent Assassin, Hitman (2016)
92%
France Hitman: Contracts, Hitman: Blood Money, Hitman (2016)
88%
Japan Hitman 2: Silent Assassin, Hitman (2016)
88%
Russia Hitman 2: Silent Assassin, Hitman: Contracts, Hitman 2 (Sniper Assassin)
88%
United Kingdom Hitman: Contracts, Hitman: Absolution, Hitman 2, Hitman III
88%
China Hitman: Codename 47, Hitman: Contracts, Hitman III
79%
Germany Hitman III
79%
Morocco Hitman (2016)
79%
Argentina Hitman III
75%
Colombia Hitman: Codename 47, Hitman 2
75%
New Zealand Hitman 2
75%
Romania Hitman: Codename 47, Hitman: Contracts, Hitman III
75%
Thailand Hitman (2016)
75%
India Hitman 2: Silent Assassin, Hitman 2
67%
Maldives (Haven Island) Hitman 2
63%
United Arab Emirates Hitman III
63%
Austria Hitman 2 (Sniper Assassin)
58%
Singapore Hitman 2 (Sniper Assassin)
58%
Denmark (Greenland) Hitman (2016)
54%
Chile Hitman: Blood Money
46%
Afghanistan Hitman 2: Silent Assassin
38%
Malaysia Hitman 2: Silent Assassin
38%
Netherlands Hitman: Codename 47, Hitman: Contracts
38%
Hungary Hitman: Codename 47, Hitman: Contracts
33%
Montenegro Hitman: Sniper
17%
No matching quizzes found
Score Distribution
Percent of People with Each Score
Percentile by Number Answered
Your Score History
You have not taken this quiz